• 首页
  • 本馆介绍
  • 公告通知
  • 最新文献
  • 馆藏检索
  • 电子资源
  • 读者导购
  • 参考咨询
  • 我的图书馆
  • 登录
  • 详细信息显示
  • 放入我的书架
  • 预约/预借图书
  • 作者相关作品
  • 分类相关作品
  • 丛书相关作品
  • 出版社相关作品

书目信息

  • 表格格式
  • 工作单格式
  • 卡片格式
题名:
光电子技术基础
    
 
作者: 朱京平 编著
分册:  
出版信息: 北京   科学出版社  2009
页数: 365
开本: 22
丛书名:
单 册:
中图分类: TN243
科图分类:
主题词: 激光技术 , 微波激射技术
电子资源:
ISBN: 978-7-03-022623-5
000 00586nam0 2200193 450
001 202410181346393237
005 20241018140433.59
010    @a978-7-03-022623-5@d38
100    @a20241018d km y0chiy0120 ea
101 0  @achi
200 1  @a光电子技术基础@AGuang Dian Zi Ji Shu Ji Chu@f朱京平编著@FZhu Jing Ping Bian Zhu
210    @a北京@c科学出版社@d2009
215    @a365@d22
606 0  @a激光技术
606 0  @a微波激射技术
690    @aTN243@v4
701  0 @a朱京平@AZhu Jing Ping@4编著
801  0 @aCN@b大连网信软件有限公司图书馆·11@c20241018
905    @aZUCC@b7202635@dTN243@e163@f1
    
    光电子技术基础/朱京平编著.-北京:科学出版社,2009
    365;22
    
    
    ISBN 978-7-03-022623-5:38
    
●
相关链接 在E读中查询图书 在五车中查询图书 在当当中查询图书 在豆瓣中查询图书


正题名:光电子技术基础     索取号:TN243/163         预约/预借

序号 登录号 条形码 馆藏地/架位号 状态 备注
1 1204417   212044170   第二样本阅览室/ [索取号:TN243/163] 在馆    
2 1204418   212044189   第三借阅区/ [索取号:TN243/163] 在馆    
3 1204419   212044198   第三借阅区/ [索取号:TN243/163] 在馆    
4 1204420   212044205   第三借阅区/ [索取号:TN243/163] 在馆    
唐山师范学院图书馆 欢迎您!
大连网信软件有限公司© 版权所有